000 00336nam a2200133Ia 4500
008 240624s9999 xx 000 0 und d
041 _aeng
082 _a823 BAR
100 _aBARNES FRED
245 _aREBEL IN CHIEF INSIDE THE BOLD AND CONTR
260 _c2006
_aNew York
_bCrown Forum
300 _a220 : p. : cm. ; 22
365 _c
_b20
999 _c9643
_d9643